000 00749nam a2200265Ia 4500
003 OSt
005 20221006144536.0
006 a|||||r|||| 00| 0
007 ta
008 221006b |||||||| |||| 00| 0 eng d
020 _aB000N2MUL2
_c
_4.00
024 _a11,930
037 _cTextual
040 _aEASL
_cEASL
_beng
041 _2eng
_aeng
082 _aV2:21wL50, G9
100 _aImlah Albert H.
_9100773
245 0 _aLord Ellenborough
_b A biography of Edward Law, Earl of Ellenborough, Governor-General of India
260 _aLondon
_bHarvard University
_c1939
300 _a295p.
_ccm.
490 _v Gen
650 _aGen
942 _hV2:21wL50, G9
_cTEXL
_2CC
999 _c1080016
_d1080016